[Event "Sant Boi City-ch"]
[Site "Sant Boi de Llobregat"]
[Date "2015.10.31"]
[Round "5"]
[White "Garnica Nebot, Esteve"]
[Black "Rodriguez Torres, Rafael"]
[Result "1/2-1/2"]
[WhiteElo "2220"]
[BlackElo "2148"]
[PlyCount "113"]
[EventDate "2015.10.03"]
[EventType "tourn"]
[EventRounds "9"]
[EventCountry "ESP"]
[SourceTitle "CBM 170 Extra"]
[Source "ChessBase"]
[SourceDate "2016.02.25"]
[SourceVersion "1"]
[SourceVersionDate "2016.02.25"]
[SourceQuality "1"]

1. d4 Nf6 2. Nf3 e6 3. g3 b6 4. Bg2 Bb7 5. 0-0 d5 6. c4 Be7 7. Nc3 dxc4 8. Qa4+ Nbd7 9. Ne5 Bxg2 10. Kxg2 a6 11. Qc6 0-0 12. Nxc4 Rc8 13. Rd1 b5 14. Ne3 Nb8 15. Qb7 c6 16. Nc2 Nfd7 17. Bf4 f5 18. a4 g5 19. Bxb8 Nxb8 20. axb5 cxb5 21. d5 e5 22. d6 Bf6 23. Nb4 Rf7 24. Qd5 Qb6 25. Qe6 Rd8 26. Ncd5 Qb7 27. Kg1 Kg7 28. Nxf6 Rxf6 29. Qe7+ Qxe7 30. dxe7 Re8 31. Rd8 Kf7 32. Rad1 Nc6 33. Nd5 Nxd8 34. Nxf6 Rxe7 35. Nxh7 Ne6 36. h4 gxh4 37. gxh4 Kg6 38. Ng5 Nxg5 39. hxg5 Re6 40. b4 Kxg5 41. Kg2 Kf4 42. Rd8 e4 43. Rd5 Rc6 44. e3+ Kg5 45. Rd8 Rc4 46. Rg8+ Kh5 47. Ra8 Rxb4 48. Rxa6 Kg5 49. f4+ exf3+ 50. Kxf3 Rc4 51. Rb6 b4 52. Ke2 f4 53. exf4+ Rxf4 54. Kd3 b3 55. Rxb3 Rf3+ 56. Kc4 Rxb3 57. Kxb3 1/2-1/2

[Event "Sant Boi City-ch"]
[Site "Sant Boi de Llobregat"]
[Date "2015.10.17"]
[Round "3"]
[White "Ros Alonso, Jaume"]
[Black "Rodriguez Torres, Rafael"]
[Result "1-0"]
[WhiteElo "2199"]
[BlackElo "2148"]
[PlyCount "43"]
[EventDate "2015.10.03"]
[EventType "tourn"]
[EventRounds "9"]
[EventCountry "ESP"]
[SourceTitle "CBM 170 Extra"]
[Source "ChessBase"]
[SourceDate "2016.02.25"]
[SourceVersion "1"]
[SourceVersionDate "2016.02.25"]
[SourceQuality "1"]

1. e4 g6 2. d4 Bg7 3. Nc3 c6 4. Nf3 d5 5. e5 f6 6. Bf4 Bg4 7. h3 Bxf3 8. Qxf3 Qb6 9. 0-0-0 fxe5 10. Bxe5 Nf6 11. g4 Nbd7 12. Bf4 Rf8 13. Qg3 0-0-0 14. Bg2 Rde8 15. Rhe1 Rf7 16. Re6 Nf8 17. Re3 N8d7 18. Nxd5 Nxd5 19. Bxd5 Rxf4 20. Qxf4 Rf8 21. Bf7 g5 22. Qf5 1-0

[Event "Barcelona Primavera La Lira op 8th"]
[Site "Barcelona"]
[Date "2015.04.30"]
[Round "4"]
[White "Rodriguez Torres, Rafael"]
[Black "Rueda Marquez, David Juan"]
[Result "1/2-1/2"]
[WhiteElo "1971"]
[BlackElo "2087"]
[PlyCount "130"]
[EventDate "2015.04.09"]
[EventType "swiss"]
[EventRounds "9"]
[EventCountry "ESP"]
[SourceTitle "CBM 166 Extra"]
[Source "ChessBase"]
[SourceDate "2015.06.18"]
[SourceVersion "1"]
[SourceVersionDate "2015.06.18"]
[SourceQuality "1"]

1. e4 e5 2. Bc4 Nf6 3. d3 Bc5 4. Nf3 Nc6 5. c3 0-0 6. a4 a5 7. Nbd2 d6 8. h3 Be6 9. Bxe6 fxe6 10. Qb3 Qd7 11. Nf1 Nh5 12. Be3 Nf4 13. Bxf4 Rxf4 14. Ne3 h6 15. Qb5 Raf8 16. 0-0-0 Bb6 17. h4 Nb8 18. Rd2 Qxb5 19. axb5 Bxe3 20. fxe3 Rg4 21. h5 Nd7 22. Kc2 Kh7 23. c4 b6 24. Kc3 Rf6 25. b4 axb4+ 26. Kxb4 g6 27. hxg6+ Rfxg6 28. Ra2 Nc5 29. Ne1 Rg3 30. Ra7 Rxe3 31. Rxc7+ Rg7 32. Rxg7+ Kxg7 33. Kc3 Nxe4+ 34. Kc2 Nf2 35. Rf1 Re2+ 36. Kb3 Ng4 37. Kc3 Ne3 38. Rg1 Kg6 39. Nf3 Nf5 40. g4 Ne3 41. d4 Rc2+ 42. Kd3 exd4 43. Nxd4 Rg2 44. Rxg2 Nxg2 45. Nxe6 Kf6 46. Nc7 Ke5 47. Na8 Nf4+ 48. Kc3 d5 49. Nxb6 dxc4 50. Nxc4+ Ke4 51. Kb3 Nd5 52. Nd6+ Kf4 53. Nf5 Kxg4 54. Nxh6+ Kg5 55. Ng8 Kf5 56. Kc4 Ke6 57. Nh6 Nb6+ 58. Kc5 Na4+ 59. Kc6 Ke5 60. Nf7+ Kd4 61. Nd6 Kc3 62. Nc8 Kb4 63. Nb6 Nc3 64. Nd5+ Nxd5 65. Kxd5 Kxb5 1/2-1/2

[Event "Barcelona Primavera La Lira op 8th"]
[Site "Barcelona"]
[Date "2015.04.23"]
[Round "3"]
[White "Sobrevia Castellar, Lluis"]
[Black "Rodriguez Torres, Rafael"]
[Result "0-1"]
[WhiteElo "1821"]
[BlackElo "1971"]
[PlyCount "68"]
[EventDate "2015.04.09"]
[EventType "swiss"]
[EventRounds "9"]
[EventCountry "ESP"]
[SourceTitle "CBM 166 Extra"]
[Source "ChessBase"]
[SourceDate "2015.06.18"]
[SourceVersion "1"]
[SourceVersionDate "2015.06.18"]
[SourceQuality "1"]

1. f4 d5 2. d3 Nf6 3. Nf3 e6 4. g3 b6 5. Bg2 Bb7 6. e3 Nbd7 7. Nc3 Be7 8. Bd2 c5 9. 0-0 0-0 10. Qe2 Rc8 11. e4 d4 12. Nd1 b5 13. Nf2 Qb6 14. c3 Rfd8 15. g4 c4 16. dxc4 d3 17. Qxd3 Nxe4 18. Be3 Bc5 19. Nd4 bxc4 20. Qe2 Nxf2 21. Bxf2 Bxg2 22. Kxg2 Nf6 23. Rae1 Nd5 24. Bg1 Qb8 25. Qd2 Qb7 26. Kh3 Ne7 27. Qe2 Ng6 28. Qg2 Qe7 29. Qg3 Qf6 30. Rd1 Bd6 31. Be3 Qe7 32. Qf3 Rb8 33. Rd2 Bc5 34. Kg2 Nh4+ 0-1

[Event "Barcelona Tres Peons op-A 15th"]
[Site "Barcelona"]
[Date "2013.02.08"]
[Round "5"]
[White "Rodriguez Torres, Rafael"]
[Black "Albero Figueras, Emilio"]
[Result "1/2-1/2"]
[WhiteElo "1817"]
[BlackElo "1981"]
[PlyCount "64"]
[EventDate "2013.01.11"]
[EventType "swiss"]
[EventRounds "9"]
[EventCountry "ESP"]
[SourceTitle "EXT 2014"]
[Source "ChessBase"]
[SourceDate "2013.11.20"]
[SourceVersion "1"]
[SourceVersionDate "2013.11.20"]
[SourceQuality "1"]

1. e4 e6 2. d4 d5 3. Nd2 Nf6 4. e5 Nfd7 5. Bd3 c5 6. c3 Nc6 7. Ne2 cxd4 8. cxd4 f6 9. exf6 Nxf6 10. Nf3 Bd6 11. Bf4 Bxf4 12. Nxf4 0-0 13. 0-0 Ne4 14. Qc1 Qd6 15. Ne2 e5 16. dxe5 Nxe5 17. Nxe5 Qxe5 18. Qc2 Bf5 19. Ng3 Nxg3 20. hxg3 Rac8 21. Qd2 Qd4 22. Rad1 Bxd3 23. Qxd3 Qxd3 24. Rxd3 Rc2 25. Rb3 b6 26. f3 Re8 27. Rd1 Ree2 28. Rxd5 Rxg2+ 29. Kf1 Rh2 30. Kg1 h6 31. Rd7 Rhg2+ 32. Kf1 Rh2 1/2-1/2

[Event "Barcelona Tres Peons op-A 15th"]
[Site "Barcelona"]
[Date "2013.01.25"]
[Round "3"]
[White "Rodriguez Torres, Rafael"]
[Black "Jover Font, Pau"]
[Result "0-1"]
[WhiteElo "1817"]
[BlackElo "1912"]
[PlyCount "36"]
[EventDate "2013.01.11"]
[EventType "swiss"]
[EventRounds "9"]
[EventCountry "ESP"]
[SourceTitle "EXT 2014"]
[Source "ChessBase"]
[SourceDate "2013.11.20"]
[SourceVersion "1"]
[SourceVersionDate "2013.11.20"]
[SourceQuality "1"]

1. e4 e5 2. Nf3 Nc6 3. Bc4 Bc5 4. 0-0 d6 5. c3 Bg4 6. d3 Bb6 7. Bb3 Nf6 8. h3 Bh5 9. Re1 Qd7 10. Nbd2 g5 11. Nf1 g4 12. hxg4 Nxg4 13. Be3 Nxe3 14. Nxe3 Rg8 15. Nf5 0-0-0 16. d4 exd4 17. cxd4 Nxd4 18. N5xd4 Qh3 0-1

[Event "Barcelona Sant Marti op 2nd"]
[Site "Barcelona"]
[Date "2013.01.17"]
[Round "1"]
[White "Sanchez Ibern, Marc"]
[Black "Rodriguez Torres, Rafael"]
[Result "1-0"]
[WhiteElo "2356"]
[BlackElo "1817"]
[PlyCount "83"]
[EventDate "2013.01.17"]
[EventType "swiss"]
[EventRounds "9"]
[EventCountry "ESP"]
[SourceTitle "EXT 2014"]
[Source "ChessBase"]
[SourceDate "2013.11.20"]
[SourceVersion "1"]
[SourceVersionDate "2013.11.20"]
[SourceQuality "1"]

1. e4 c5 2. Nc3 d6 3. Nge2 Nc6 4. g3 g6 5. d4 cxd4 6. Nxd4 Bg7 7. Nde2 Nf6 8. Bg2 0-0 9. 0-0 Bd7 10. Nd5 Nxd5 11. exd5 Ne5 12. a4 Qc8 13. Ra2 Bh3 14. b3 h5 15. c4 Bg4 16. f3 Qc5+ 17. Kh1 Bf5 18. Bb2 Rfe8 19. Bd4 Qb4 20. h3 Bd3 21. f4 Bxe2 22. Rxe2 Nd7 23. Bxg7 Kxg7 24. Rfe1 Kf8 25. Re3 Nf6 26. Bf3 Rac8 27. Kg2 a6 28. g4 hxg4 29. hxg4 b5 30. g5 Ng8 31. axb5 axb5 32. Be2 e6 33. dxe6 Rxe6 34. Rxe6 fxe6 35. Bd3 bxc4 36. bxc4 Kf7 37. Qe2 Re8 38. f5 gxf5 39. Bxf5 e5 40. Qh5+ Kf8 41. Rf1 Re7 42. Bh7+ 1-0

[Event "Mollet del Valles op U2300 3rd"]
[Site "Mollet del Valles"]
[Date "2012.12.05"]
[Round "4"]
[White "Rodriguez Torres, Rafael"]
[Black "Beaskoa Estany, Gabriel"]
[Result "0-1"]
[WhiteElo "1916"]
[BlackElo "1832"]
[PlyCount "75"]
[EventDate "2012.12.02"]
[EventType "swiss"]
[EventRounds "8"]
[EventCountry "ESP"]
[SourceTitle "EXT 2014"]
[Source "ChessBase"]
[SourceDate "2013.11.20"]
[SourceVersion "1"]
[SourceVersionDate "2013.11.20"]
[SourceQuality "1"]

1. e4 c5 2. Nf3 d6 3. d4 cxd4 4. Nxd4 Nf6 5. Nc3 a6 6. Bd3 Nc6 7. Nde2 e6 8. 0-0 Be7 9. Kh1 Nb4 10. a3 Nxd3 11. Qxd3 Qc7 12. Be3 b5 13. Rad1 Bb7 14. f4 0-0 15. Nd4 Rac8 16. f5 e5 17. Nb3 Rfd8 18. Rd2 d5 19. exd5 Nxd5 20. Nxd5 Rxd5 21. Qe2 Rxd2 22. Bxd2 Qxc2 23. Qxe5 Bf6 24. Qg3 Qxb2 25. Bb4 Be5 26. Qh3 Bxg2+ 27. Qxg2 Qxb3 28. f6 g6 29. Qd2 Qc4 30. Qg2 Qc6 31. Qxc6 Rxc6 32. Re1 Re6 33. Be7 h5 34. Kg2 Bc3 35. Rf1 Kh7 36. h3 g5 37. Rf3 Be5 38. h4 0-1

[Event "Mollet del Valles op U2300 3rd"]
[Site "Mollet del Valles"]
[Date "2012.12.04"]
[Round "3"]
[White "Rodriguez, Juanjo"]
[Black "Rodriguez Torres, Rafael"]
[Result "1-0"]
[WhiteElo "2015"]
[BlackElo "1916"]
[PlyCount "34"]
[EventDate "2012.12.02"]
[EventType "swiss"]
[EventRounds "8"]
[EventCountry "ESP"]
[SourceTitle "EXT 2014"]
[Source "ChessBase"]
[SourceDate "2013.11.20"]
[SourceVersion "1"]
[SourceVersionDate "2013.11.20"]
[SourceQuality "1"]

1. e4 c5 2. Nc3 d6 3. g3 Nc6 4. Bg2 g6 5. d3 Bg7 6. Be3 e5 7. Qd2 Nge7 8. h4 h5 9. Nh3 Nd4 10. f4 Bg4 11. 0-0 Nec6 12. Rf2 Qd7 13. Kh2 0-0-0 14. Nd5 Rdf8 15. c3 Ne6 16. f5 Re8 17. fxe6 Qxe6 1-0